000 01341nam a2200253 u 4500
001 000819896
003 AM-YeHGA
005 20250617144545.0
008 110628s1980 ||||||||r|||||000|0|rus|d
040 _aAM-YeHGA
041 0 _arus
245 0 0 _aНарушения метилирования при психических заболеваниях :
_bУказатель литературы на русском иностранных языках 1936-1979 гг. /
_cСост. Г.Н. Мысько ; Харьковский научно-исследовательский институт неврологии и психиатрии им. В.П. Протопова.
260 _aХарьков :
_b[Б. и.],
_c1980.
300 _a39 с. ;
_c22 см.
650 1 4 _aПсихические расстройства
650 1 4 _aОбмена веществ нарушения
650 1 4 _aМетилирование
650 1 4 _aАмины биогенные
_xМетаболизм
650 1 4 _aБиблиография медицинская
650 1 4 _aУказатели
700 1 _aМысько, Г.Н.
_eсост.
_4com
710 2 _aХарьковский научно-исследовательский институт неврологии и психиатрии им. В.П. Протопова
090 _c297986
999 _c296294
_d296294